| 000 | 00375nam a2200145Ia 4500 | ||
|---|---|---|---|
| 008 | 150201s2002 xx 000 0 und d | ||
| 082 |
_a616.07 _bE2002M |
||
| 100 | _aHARSH MOHAN | ||
| 245 | _aESSENTIAL PATHOLOGY FOR DENTAL STUDENTS | ||
| 250 | _a2ND | ||
| 260 |
_bJAYPEE MEDICAL PUBLISHER _aNEW DELHI _c2002 |
||
| 300 | _a1-544 | ||
| 650 | _aPATHOLOGY | ||
| 942 |
_2ddc _cBK _011 |
||
| 999 |
_c2710 _d2710 |
||